[Event "Hofheim Spring op-B 3rd"]
[Site "Hofheim"]
[Date "2015.04.10"]
[Round "7"]
[White "Stock, Juergen"]
[Black "Severino, Leonardo"]
[Result "0-1"]
[WhiteElo "1941"]
[BlackElo "1687"]
[PlyCount "63"]
[EventDate "2015.04.07"]
[EventType "swiss"]
[EventRounds "9"]
[EventCountry "GER"]
[SourceTitle "CBM 166 Extra"]
[Source "ChessBase"]
[SourceDate "2015.06.18"]
[SourceVersion "1"]
[SourceVersionDate "2015.06.18"]
[SourceQuality "1"]

1. d4 Nf6 2. c3 c5 3. e3 e6 4. Bd3 b6 5. f4 Bb7 6. Nf3 Be7 7. 0-0 0-0 8. Nbd2 Qc7 9. Ne5 d6 10. Ng4 Nbd7 11. Nf2 e5 12. fxe5 dxe5 13. Nfe4 Rad8 14. Rf3 Nxe4 15. Bxe4 Bxe4 16. Nxe4 cxd4 17. exd4 exd4 18. Bf4 Qc6 19. Qe1 Nc5 20. Nxc5 Bxc5 21. b4 Rfe8 22. Qf2 Bf8 23. Bd2 Qc4 24. Qg3 Re7 25. Bg5 Ree8 26. Raf1 dxc3 27. Rxc3 Qd4+ 28. Kh1 Bxb4 29. Rcc1 Qe4 30. h4 Bd6 31. Bf4 Bxf4 32. Rxf4 0-1